| 000 | 00745nam a2200265Ia 4500 | ||
|---|---|---|---|
| 003 | GCL | ||
| 008 | 140319s9999 xx 000 0 ara d | ||
| 040 |
_aGCL / _cGCL |
||
| 082 | 0 | 4 |
_a330.9 _bم ا |
| 100 | 1 | _aمحمد ناظم حنفى | |
| 245 | 1 | 0 |
_aالاصلاح الاقتصادى وتحديات التنمية / _cمحمد ناظم حنفى |
| 260 |
_a[S.N] : _bالمؤلف ، _c1992 |
||
| 300 | _a368 ص | ||
| 490 | _a | ||
| 650 | 0 | 4 | _aالاقتصاد |
| 650 | 0 | 4 | _aالاحوال الاقتصادية |
| 650 | 0 | 4 | _aالتخطيط |
| 650 | 0 | 4 | _aالاجتماع |
| 650 | 0 | 4 | _aمناهج |
| 650 | 0 | 4 | _aالاصلاح |
| 650 | 0 | 4 | _aالسوق |
| 650 | 0 | 4 | _aالعرض |
| 650 | 0 | 4 | _aالسوق الحر |
| 942 |
_2ddc _cBK |
||
| 999 |
_c28559 _d28559 |
||